|
|
|
|
| LEADER |
00000nam a2200000 a 4500 |
| 001 |
vtls011625881 |
| 003 |
SK-MaSNL |
| 005 |
20260301140824.0 |
| 008 |
251112 1899 it a 000 0 ita |
| 015 |
|
|
|a SNBHFA1899
|
| 020 |
|
|
|q (viaz.)
|
| 035 |
|
|
|a urn:nbn:sk:snk-am00cs4e
|
| 035 |
|
|
|a urn:nbn:sk:snk-am3haov
|
| 035 |
|
|
|a 9A952CB6-6A60-4F18-B769-3A18B5ED2298
|
| 040 |
|
|
|a SNKHF
|b slo
|c SNK
|e AACR2
|
| 041 |
0 |
|
|a ita
|a lat
|
| 044 |
|
|
|a it
|c IT
|
| 072 |
|
7 |
|a 58
|x Botanika
|2 konspekt
|
| 080 |
|
|
|a 58
|2 2011
|
| 080 |
|
|
|a 582.28
|2 2011
|
| 100 |
1 |
|
|a Cavara, F.
|4 aut
|4 ill
|9 493956
|
| 245 |
1 |
0 |
|a "Tuberculina Sbrozzii" Nov. Spec.
|b Parassita Delle Foglie Di Vinca Major L.
|c Per F. Cavara E P. A. Saccardo
|
| 260 |
|
|
|a [b.m.]
|b [b.n.]
|c 1899
|
| 300 |
|
|
|a s. [322]-328
|b ilustrácia
|c 22 cm
|
| 501 |
|
|
|a Príväzok 40. k: BRESADOLA, I. Hymenomycetes Hungarici Kmetiani. Rovereto: Tipografia Giorgio Grigoletti, 1897.
|5 SNK SC 44439
|
| 504 |
|
|
|a Literatúra pod textom
|
| 525 |
|
|
|a Estratto dal Nuovo Giornale botanico italiano (Nuova Serie) Vol. VI, N. 3, Luglio 1899
|
| 561 |
|
|
|a Okrúhla pečiatka: Museálna slovenská spoločnosť.
|5 SNK SC 44439
|
| 650 |
0 |
7 |
|a botanika
|2 SNKPH
|9 688
|
| 650 |
0 |
7 |
|a mykológia
|2 SNKPH
|9 20345
|
| 700 |
1 |
|
|a Saccardo, Pier Andrea,
|d 1845-1920
|4 aut
|9 343980
|
| 700 |
1 |
|
|a Kmeť, Andrej,
|d 1841-1908
|4 fmo
|9 191981
|
| 752 |
|
|
|a Taliansko
|
| 770 |
0 |
|
|t Nuovo Giornale botanico italiano
|
| 852 |
|
|
|a snk
|b Historické fondy
|p SC 44439 prív.40
|
| 958 |
|
|
|a ONDV
|
| 999 |
|
|
|c 765136
|d 767066
|
| 952 |
|
|
|t Kme 90
|a SNK
|b SNK
|c SNK_HF
|y PREZ
|7 0
|p 17A1130082
|o snkSC 44439/prív.40
|i snkF 3071/79
|8 5
|0 0
|1 0
|4 0
|d 2017-04-26
|f 1
|l 0
|r 2026-02-24 00:16:55
|w 2026-02-24
|